000 01584nam a2200385 c 4500
999 _c50917
_d50917
001 50917
003 ES-MaCES
005 20180917143434.0
007 cr |||||||||||
008 180201s2018 lu r i000 | eng d
020 _a9789279803536
040 _aES-MaCES
_bspa
_cES-MaCES
245 0 0 _a2017 annual report on intra-EU labour mobility
_hRecurso electrónico
_b: final report January 2018
_cElena Fries-Tersch ... [et al.]
260 _aLuxembourg
_bPublications Office of the European Union
_c2018
300 _a1 documento pdf
_c(3,36 mb)
500 _aThis document has been prepared for the European Commission, Directorate-General for Employment, Social Affairs and Inclusion, Directorate D, Labour Mobility, Unit D.1, Free Movement of Workers
504 _aBibliografía: p. 236-240
541 _cGratuito
650 4 _amovilidad de la mano de obra
_928354
650 4 _atraslado geográfico de un empleado
_930655
650 4 _amercado de trabajo
_928292
650 4 _aanálisis del mercado de mano de obra
_930745
650 4 _aUE
_926752
650 4 _apaís de la UE
_929020
650 4 _apaís de salida
_929798
650 4 _apaís de acogida
_929799
650 4 _a2017
_936991
650 4 _ainforme
_928986
653 1 0 _aEmpleo
700 1 _939256
_aFries-Tersch, Elena
710 2 _92037
_aComisión de las Comunidades Europeas
_bDirección General de Empleo, Asuntos Sociales e Inclusión
856 4 _uhttp://biblioteca.ces.es/repintra/B50917.pdf
_ytexto impreso
_z[intranet]
902 _aELE PUB. ELECTRONICA
942 _2CES
_cBK
_h2.1.